Rubber, polyisoprenes and allied compounds. Part V. The chemical linking of rubber and of other olefins with phenol-formaldehyde resins (British Rubber Producers Research Association Publication No 41) (Record no. 46264)

MARC details
000 -LEADER
fixed length control field 00505nam a2200133Ia 4500
100 ## - MAIN ENTRY--AUTHOR NAME
Personal name Cunneen JI
245 #0 - TITLE STATEMENT
Title Rubber, polyisoprenes and allied compounds. Part V. The chemical linking of rubber and of other olefins with phenol-formaldehyde resins (British Rubber Producers Research Association Publication No 41)
260 ## - PUBLICATION, DISTRIBUTION, ETC. (IMPRINT)
Name of publisher Journal of the Chemical society
Year of publication 1943
300 ## - PHYSICAL DESCRIPTION
Number of Pages 472-476
700 ## - ADDED ENTRY--PERSONAL NAME
Personal name Farmer EHarold
700 ## - ADDED ENTRY--PERSONAL NAME
Personal name Koch HP
942 ## - ADDED ENTRY ELEMENTS (KOHA)
Koha item type Reprints
Holdings
Withdrawn status Lost status Damaged status Not for loan Home library Current library Date acquired Koha item type
      Reprints RRII Library RRII Library 22/12/2021 Reprints